Marx y Lennin en la América Latina y los Problemas Indigenistas /
Spremljeno u:
| Glavni autor: | |
|---|---|
| Format: | Nepoznato |
| Jezik: | Spanish |
| Izdano: |
Cuba :
Editorial Casa de las Américas,
1974.
|
| Teme: | |
| Oznake: |
Dodaj oznaku
Bez oznaka, Budi prvi tko označuje ovaj zapis!
|
MARC
| LEADER | 000000000a22000000004500 | ||
|---|---|---|---|
| 001 | 003150 | ||
| 008 | 180213b xxu||||| |||| 00| 0 spa d | ||
| 041 | 0 | |a spa | |
| 082 | 0 | 4 | |a 335.43 |b L767m |
| 100 | 1 | |a Lipschutz, Alejandro | |
| 245 | 1 | 0 | |a Marx y Lennin en la América Latina y los Problemas Indigenistas / |c Alejandro Lipschutz. |
| 260 | 1 | |a Cuba : |b Editorial Casa de las Américas, |c 1974. | |
| 300 | |a 224 páginas | ||
| 650 | 4 | |a COMUNISMO | |
| 650 | 4 | |a AMERICA LATINA | |
| 650 | 4 | |a INDIOS | |
| 942 | |c BK |2 ddc | ||
| 999 | |c 9447 |d 9447 | ||
